000
00250nam a22001097a 4500
003
OSt
008
210121b ||||| |||| 00| 0 eng d
082
_a
624.18341
_b
DES/TE
100
_a
Deshpande, R S
245
_a
Text book of RCC design
942
_c
BK
999
_c
16774
_d
16774